Communication Science and Technology in a Changing Era in Nigeria/ (Record no. 44300)

MARC details
003 - CONTROL NUMBER IDENTIFIER
control field 0000
005 - DATE AND TIME OF LATEST TRANSACTION
control field 20260410121354.0
020 ## - INTERNATIONAL STANDARD BOOK NUMBER
International Standard Book Number 978978 7830154
040 ## - CATALOGING SOURCE
Description conventions rda
050 ## - LIBRARY OF CONGRESS CALL NUMBER
Classification number PN 1990
Item number .C66 2023
100 ## - MAIN ENTRY--PERSONAL NAME
Relator code Editor
Personal name Ekeanyanwu, Nnamdi .T
245 ## - TITLE STATEMENT
Title Communication Science and Technology in a Changing Era in Nigeria/
Statement of responsibility, etc Nnamdi .T Ekeanyanwu
264 ## - PUBLICATION, DISTRIBUTION, ETC. (IMPRINT)
Place of publication, distribution, etc Calabar
Name of publisher, distributor, etc African Council for Communication Education
Date of publication, distribution, etc 2023
300 ## - PHYSICAL DESCRIPTION
Extent xii, 250P.
336 ## - CONTENT TYPE
Source rdacontent
338 ## - CARRIER TYPE
Source rdacarrier
500 ## - GENERAL NOTE
General note Includes Index and References
700 ## - ADDED ENTRY--PERSONAL NAME
Relator code Editor
Personal name Bashir, Abdullahi .S
700 ## - ADDED ENTRY--PERSONAL NAME
Relator code Editor
Personal name Asemah, Ezekiel .S
942 ## - ADDED ENTRY ELEMENTS (KOHA)
Source of classification or shelving scheme Library of Congress Classification
Koha item type Books
Holdings
Withdrawn status Lost status Source of classification or shelving scheme Damaged status Not for loan Permanent Location Current Location Date acquired Total Checkouts Full call number Barcode Date last seen Price effective from Koha item type
    Library of Congress Classification     NILE UNIVERSITY OF NIGERIA - MAIN LIBRARY NILE UNIVERSITY OF NIGERIA - MAIN LIBRARY 04/10/2026   PN 1990 .C66 2023 0199676 04/10/2026 04/10/2026 Books